000
00251nam a2200097Ia 4500
082
_a
EJF HARV
245
0
_a
Sipho's star
100
_a
HARVEY, Jacqueline Cambridge, 2009
_9
99598
942
_c
BK
008
210817s9999 xx 000 0 und d
999
_c
423072
_d
423071